Symbiotic nitrogen fixation : (Record no. 7003)

MARC details
000 -LEADER
fixed length control field 01363cam a22003134a 4500
001 - CONTROL NUMBER
control field 13463571
003 - CONTROL NUMBER IDENTIFIER
control field OSt
005 - DATE AND TIME OF LATEST TRANSACTION
control field 20210823154613.0
008 - FIXED-LENGTH DATA ELEMENTS--GENERAL INFORMATION
fixed length control field 040121s2004 nhua b 101 0 eng
010 ## - LIBRARY OF CONGRESS CONTROL NUMBER
LC control number 2004042855
020 ## - INTERNATIONAL STANDARD BOOK NUMBER
International Standard Book Number 1578083354
040 ## - CATALOGING SOURCE
Original cataloging agency DLC
Transcribing agency DLC
Modifying agency DLC
042 ## - AUTHENTICATION CODE
Authentication code pcc
043 ## - GEOGRAPHIC AREA CODE
Geographic area code w------
082 00 - DEWEY DECIMAL CLASSIFICATION NUMBER
Classification number 577.145SYM 2004.
111 2# - MAIN ENTRY--MEETING NAME
Meeting name or jurisdiction name as entry element International Workshop on Biological Nitrogen Fixation for Increased Crop Productivity, Enhanced Human Health, and Sustained Soil Fertility
Date of meeting (2002 :
Location of meeting Montpellier, France)
9 (RLIN) 14365
245 10 - TITLE STATEMENT
Title Symbiotic nitrogen fixation :
Remainder of title prospects for enhanced application in tropical agriculture /
Statement of responsibility, etc. editor, Rachid Serraj.
260 ## - PUBLICATION, DISTRIBUTION, ETC. (IMPRINT)
Place of publication, distribution, etc. Enfield, NH :
Name of publisher, distributor, etc. Science Publishers,
Date of publication, distribution, etc. c2004.
300 ## - PHYSICAL DESCRIPTION
Extent xiii, 367 p. :
Other physical details ill. (some col.), col. map ;
Dimensions 25 cm.
504 ## - BIBLIOGRAPHY, ETC. NOTE
Bibliography, etc Includes bibliographical references and index.
650 #0 - SUBJECT ADDED ENTRY--TOPICAL TERM
Topical term or geographic name as entry element Nitrogen in agriculture
Geographic subdivision Tropics
Form subdivision Congresses.
9 (RLIN) 14366
650 #0 - SUBJECT ADDED ENTRY--TOPICAL TERM
Topical term or geographic name as entry element Nitrogen
General subdivision Fixation
Form subdivision Congresses.
9 (RLIN) 14367
650 #0 - SUBJECT ADDED ENTRY--TOPICAL TERM
Topical term or geographic name as entry element Nitrogen-fixing plants
Geographic subdivision Tropics
Form subdivision Congresses.
9 (RLIN) 14368
650 #0 - SUBJECT ADDED ENTRY--TOPICAL TERM
Topical term or geographic name as entry element Agricultural ecology
Geographic subdivision Tropics
Form subdivision Congresses.
9 (RLIN) 14369
700 1# - ADDED ENTRY--PERSONAL NAME
Personal name Serraj, Rachid.
9 (RLIN) 14370
906 ## - LOCAL DATA ELEMENT F, LDF (RLIN)
a 7
b cbc
c orignew
d 1
e ocip
f 20
g y-gencatlg
942 ## - ADDED ENTRY ELEMENTS (KOHA)
Source of classification or shelving scheme Dewey Decimal Classification
Koha item type Open Shelf
Holdings
Withdrawn status Lost status Source of classification or shelving scheme Damaged status Not for loan Home library Current library Date acquired Source of acquisition Inventory number Total Checkouts Full call number Barcode Date last seen Price effective from Koha item type
    Dewey Decimal Classification     MUST Main Library MUST Main Library 23/08/2021 Purchase 05/23752   577.145SYM 2004. 2021-0681 23/08/2021 23/08/2021 Open Shelf
    Dewey Decimal Classification     MUST Main Library MUST Main Library 23/08/2021 Purchase 05/24000   577.145SYM 2004. 2021-0682 23/08/2021 23/08/2021 Open Shelf